[Event "Katernberg- Brackel"]
[Site "?"]
[Date "2023.09.24"]
[Round "2.7"]
[White "Goldschmidt, Christian"]
[Black "Korchynskyi, Mykola"]
[Result "1-0"]
[WhiteElo "2187"]
[BlackElo "2152"]
[PlyCount "67"]
[EventDate "2023.??.??"]
[SourceVersionDate "2023.09.04"]

1. e4 e6 2. d4 d5 3. Nd2 c5 4. exd5 Qxd5 5. Ngf3 cxd4 6. Bc4 Qd6 7. O-O Nf6 8. Nb3 Nc6 9. Nbxd4 Nxd4 10. Nxd4 Be7 11. b3 a6 12. a4 O-O 13. Bb2 Qc7 14. Qf3 Rb8 15. Qh3 e5 16. Nf5 b5 17. axb5 axb5 18. Bd3 e4 19. Nxe7+ Qxe7 20. Qg3 Bf5 21. Rfe1 Rfe8 22. h3 Bg6 23. c4 Qb4 24. Bf1 bxc4 25. Bxc4 Ra8 26. Qe3 Qb7 27. Qd4 Rad8 28. Qc3 h6 29. Ra6 Kh7 30. Raa1 Rg8 31. Rad1 Nd5 32. Qe5 Nb4 33. Rxd8 Rxd8 34. Qxg7# 1-0

[Event "Katernberg- Brackel"]
[Site "?"]
[Date "2023.09.24"]
[Round "2.8"]
[White "Struck, Lasse"]
[Black "Strathoff, Martin"]
[Result "1-0"]
[WhiteElo "1953"]
[BlackElo "2074"]
[PlyCount "69"]
[EventDate "2023.??.??"]
[SourceVersionDate "2023.09.04"]

1. d4 d5 2. c4 e6 3. Nf3 Nf6 4. g3 c6 5. Qc2 Be7 6. Bg2 Nbd7 7. O-O O-O 8. Nbd2 b6 9. e4 dxe4 10. Nxe4 Bb7 11. Nxf6+ Nxf6 12. Rd1 Qc7 13. Bf4 Bd6 14. Bxd6 Qxd6 15. c5 Qc7 16. Re1 Rfd8 17. Rad1 b5 18. Ne5 a5 19. f4 Ra6 20. g4 Nd7 21. Be4 Nf8 22. Qf2 f6 23. Nd3 Bc8 24. f5 Bd7 25. Nf4 exf5 26. gxf5 Qc8 27. Qc2 Kh8 28. d5 Re8 29. d6 Ra8 30. Qg2 Re5 31. Nh5 g6 32. Nxf6 Rxc5 33. fxg6 Ne6 34. Qh3 Nf8 35. Qh6 1-0

[Event "OLNR 2324 SG Porz II - SV Mülheim-Nord "]
[Site "?"]
[Date "2023.09.24"]
[Round "2.1"]
[White "Oltmanns, Jan"]
[Black "Pauly, Carlo"]
[Result "0-1"]
[WhiteElo "2174"]
[BlackElo "2303"]
[PlyCount "152"]
[EventDate "2023.??.??"]
[SourceVersionDate "2023.09.04"]

1. Nf3 Nf6 2. g3 g6 3. b3 Bg7 4. Bb2 O-O 5. Bg2 c5 6. O-O Nc6 7. c4 a6 8. d4 d5 9. Na3 cxd4 10. Nxd4 Nxd4 11. Qxd4 e5 12. Qd2 d4 13. e3 Bh6 14. f4 Bf5 15. exd4 exf4 16. Rae1 Ng4 17. gxf4 Qh4 18. h3 Nf6 19. Qf2 Qxf2+ 20. Rxf2 Rae8 21. Rfe2 Rxe2 22. Rxe2 Nh5 23. Bc1 Nxf4 24. Bxf4 Bxf4 25. c5 Rd8 26. d5 Bd3 27. Re7 Kf8 28. d6 Bg5 29. Rc7 b6 30. Bd5 bxc5 31. Rxf7+ Ke8 32. Rf3 Bf5 33. Nc4 Kd7 34. Kg2 Re8 35. Rf2 Re1 36. Bb7 h5 37. Bf3 Rc1 38. Re2 Bf6 39. Bb7 Bd3 40. Rf2 Bxc4 41. bxc4 Bd4 42. Re2 Rxc4 43. Bxa6 Rc3 44. a4 Kxd6 45. Bc8 Ra3 46. Re6+ Kc7 47. Ba6 g5 48. h4 Ra2+ 49. Re2 Rxa4 50. Bb5 Rb4 51. Be8 gxh4 52. Re4 Rb2+ 53. Kh3 Bf6 54. Bxh5 Rb3+ 55. Kh2 Kd6 56. Bg4 Be5+ 57. Kh1 Kd5 58. Re1 Rg3 59. Bh5 Rd3 60. Be2 Rh3+ 61. Kg2 Rg3+ 62. Kh1 Bd4 63. Rc1 Ke4 64. Bb5 Rb3 65. Bc4 Rb2 66. Re1+ Be3 67. Ba6 Rc2 68. Bb7+ Kd3 69. Rd1+ Ke2 70. Rd8 Rc1+ 71. Kg2 Rg1+ 72. Kh3 Rg7 73. Ba6+ Kf3 74. Rf8+ Bf4 75. Bc4 Rd7 76. Re8 Rd2 0-1

[Event "OLNR 2324 SG Porz II - SV Mülheim-Nord "]
[Site "?"]
[Date "2023.09.24"]
[Round "2.2"]
[White "Gallasch, Jonas"]
[Black "Limbourg, Philipp"]
[Result "1-0"]
[WhiteElo "2269"]
[BlackElo "2228"]
[PlyCount "123"]
[EventDate "2023.??.??"]
[SourceVersionDate "2023.09.04"]

1. d4 e6 2. c4 f5 3. g3 Nf6 4. Bg2 c6 5. Nf3 d5 6. O-O Bd6 7. Bf4 Bxf4 8. gxf4 O-O 9. Ne5 Nfd7 10. cxd5 cxd5 11. Nd3 Nc6 12. e3 Nf6 13. Nd2 Bd7 14. Nf3 Qe7 15. Nfe5 Rfc8 16. Qb3 Rc7 17. Nxc6 Bxc6 18. Rfc1 Rac8 19. Rc2 Be8 20. Rac1 Bh5 21. Nc5 Ng4 22. Nd3 Nf6 23. h3 Ne8 24. Rxc7 Rxc7 25. Rxc7 Qxc7 26. Nc5 Qa5 27. Nxe6 Qe1+ 28. Kh2 Qxf2 29. Qxd5 Qxe3 30. Qxf5 Nf6 31. Qe5 Qf2 32. f5 Be8 33. Qg3 Qxg3+ 34. Kxg3 b6 35. Kf4 Kf7 36. Bc6 Ke7 37. Bxe8 Nxe8 38. Ke5 g6 39. fxg6 hxg6 40. Nf4 Kf7 41. d5 Nf6 42. d6 a5 43. b3 b5 44. a3 g5 45. Nd5 b4 46. axb4 Nd7+ 47. Kf5 axb4 48. Nxb4 Nc5 49. Nc6 Ke8 50. Ne5 Nxb3 51. Kxg5 Nc5 52. Kf5 Nb7 53. Ke6 Nd8+ 54. Kf6 Kf8 55. d7 Nb7 56. Nf7 Kg8 57. d8=Q+ Nxd8 58. Nxd8 Kh7 59. Nf7 Kg8 60. Kg6 Kf8 61. h4 Kg8 62. h5 1-0

[Event "OLNR 2324 SG Porz II - SV Mülheim-Nord "]
[Site "?"]
[Date "2023.09.24"]
[Round "2.3"]
[White "Kuipers, Dustin"]
[Black "Marcziter, Dmitrii"]
[Result "1/2-1/2"]
[WhiteElo "2098"]
[BlackElo "2228"]
[PlyCount "61"]
[EventDate "2023.??.??"]
[SourceVersionDate "2023.09.04"]

1. Nf3 Nf6 2. g3 g6 3. b3 Bg7 4. Bb2 O-O 5. Bg2 d5 6. c4 c6 7. O-O a5 8. d3 Re8 9. h3 Nbd7 10. cxd5 Nxd5 11. Bxg7 Kxg7 12. e4 Nc7 13. d4 Nf6 14. Nc3 h6 15. Re1 Be6 16. Kh2 Nh7 17. Nh4 g5 18. Nf5+ Bxf5 19. exf5 Nf6 20. Re5 Qd6 21. Qd2 Red8 22. Rd1 e6 23. Ne4 Nxe4 24. Bxe4 a4 25. Qe2 axb3 26. axb3 exf5 27. Rxf5 Qe6 28. Qf3 Nd5 29. Re5 Qf6 30. Rf5 Qe6 31. Re5 1/2-1/2

[Event "OLNR 2324 SG Porz II - SV Mülheim-Nord "]
[Site "?"]
[Date "2023.09.24"]
[Round "2.4"]
[White "Schmidt, Bodo"]
[Black "Voss, Gunther"]
[Result "1-0"]
[WhiteElo "2251"]
[BlackElo "2114"]
[PlyCount "89"]
[EventDate "2023.??.??"]
[SourceVersionDate "2023.09.04"]

1. d4 Nf6 2. Nf3 d5 3. Bf4 c5 4. e3 Nc6 5. c3 Qb6 6. Na3 c4 7. Qc1 Nh5 8. Be2 Nxf4 9. exf4 e6 10. Nc2 Bd6 11. O-O Qc7 12. g3 O-O 13. Ne3 Bd7 14. Re1 Ne7 15. Bf1 b5 16. a3 a5 17. Ne5 b4 18. Bh3 bxa3 19. bxa3 Rab8 20. Qc2 f5 21. Nxd7 Qxd7 22. Nf1 Rb7 23. Qe2 Kf7 24. Qh5+ Kg8 25. Re3 Rf6 26. Bg2 Rb3 27. Nd2 Rxa3 28. Rae1 g6 29. Qh4 Kg7 30. Nf3 h6 31. Ng5 hxg5 32. fxg5 Rf7 33. Rxe6 Ng8 34. Bxd5 Bxg3 35. Qxg3 Qxd5 36. Rd6 Qb7 37. Qe5+ Kh7 38. d5 Re7 39. Re6 Rxe6 40. dxe6 Qe7 41. f4 Qb7 42. Rd1 Ne7 43. Qf6 Nd5 44. Qd4 Rxc3 45. Qxc3 1-0

[Event "OLNR 2324 SG Porz II - SV Mülheim-Nord "]
[Site "?"]
[Date "2023.09.24"]
[Round "2.5"]
[White "Mainusch, Martin"]
[Black "Gluma, Christian"]
[Result "0-1"]
[WhiteElo "2075"]
[BlackElo "2032"]
[PlyCount "82"]
[EventDate "2023.??.??"]
[SourceVersionDate "2023.09.04"]

1. c4 g6 2. g3 Bg7 3. Bg2 e5 4. Nc3 f5 5. b4 Ne7 6. Bb2 c6 7. Qb3 d6 8. Nh3 h6 9. O-O Be6 10. f4 O-O 11. e3 Nd7 12. Rfd1 e4 13. Na4 Bxb2 14. Nxb2 d5 15. c5 b6 16. Qc3 bxc5 17. bxc5 Rb8 18. Bf1 Nxc5 19. Qxc5 Rxb2 20. Qxa7 Qd6 21. Rab1 Rfb8 22. Rxb2 Rxb2 23. Qd4 Rxa2 24. Qf6 Ra8 25. Rb1 Rf8 26. Qa1 Kf7 27. Qa7 Rd8 28. Nf2 d4 29. g4 d3 30. gxf5 gxf5 31. Bh3 Rg8+ 32. Kh1 Kg6 33. Nxe4 fxe4 34. f5+ Bxf5 35. Rg1+ Kf6 36. Rxg8 Nxg8 37. Bxf5 Kxf5 38. Qh7+ Qg6 39. Qd7+ Qe6 40. Qh7+ Kf6 41. Qh8+ Kf7 0-1

[Event "OLNR 2324 SG Porz II - SV Mülheim-Nord "]
[Site "?"]
[Date "2023.09.24"]
[Round "2.6"]
[White "Mohammadi Nia, Borna"]
[Black "Roitburd, Talik"]
[Result "1/2-1/2"]
[WhiteElo "2146"]
[BlackElo "2142"]
[PlyCount "103"]
[EventDate "2023.??.??"]
[SourceVersionDate "2023.09.04"]

1. e4 c5 2. Nf3 d6 3. d4 cxd4 4. Nxd4 Nf6 5. Nc3 a6 6. Be2 e5 7. Nb3 Be6 8. Bg5 Nbd7 9. Qd3 Qc7 10. O-O Be7 11. Rfd1 h6 12. Bxf6 Nxf6 13. Nd2 Rc8 14. Nf1 O-O 15. Ne3 Rfd8 16. a4 Qa5 17. Bf3 Bf8 18. Qe2 g6 19. Ncd5 Bxd5 20. Nxd5 Nxd5 21. Rxd5 Rc5 22. Rd3 Rdc8 23. c3 Rc4 24. Rd5 Qb6 25. a5 Qc6 26. Qc2 Rc5 27. Rad1 Qb5 28. Rxc5 Rxc5 29. Ra1 Qc6 30. Be2 Qc7 31. Qb3 Kg7 32. g3 Be7 33. c4 Bd8 34. Qd3 Rxa5 35. Rxa5 Qxa5 36. Qxd6 Bb6 37. c5 Qxc5 38. Qxc5 Bxc5 39. b3 Kf8 40. Kf1 Ke7 41. Bc4 f6 42. Ke2 Kd6 43. f3 Bd4 44. Kd3 Kc5 45. Bf7 g5 46. h4 Bf2 47. hxg5 fxg5 48. g4 Kb4 49. Kc2 b5 50. Be6 Bd4 51. Bf7 a5 52. Be6 1/2-1/2

[Event "OLNR 2324 SG Porz II - SV Mülheim-Nord "]
[Site "?"]
[Date "2023.09.24"]
[Round "2.7"]
[White "Schmidt, Kevin"]
[Black "Gallasch, Robin"]
[Result "0-1"]
[WhiteElo "1996"]
[BlackElo "2049"]
[PlyCount "74"]
[EventDate "2023.??.??"]
[SourceVersionDate "2023.09.04"]

1. e4 c5 2. Nf3 d6 3. d4 cxd4 4. Nxd4 Nf6 5. Nc3 Nc6 6. Be2 g6 7. Be3 Bg7 8. f3 O-O 9. Qd2 d5 10. exd5 Nxd5 11. Nxd5 Qxd5 12. Nxc6 Qxc6 13. c3 Be6 14. O-O Rfd8 15. Qc1 b5 16. a3 a5 17. Rd1 Bc4 18. Bxc4 Qxc4 19. Rxd8+ Rxd8 20. Bb6 Rd6 21. Bxa5 Qe2 22. Qf1 Qxb2 23. Rb1 Qxa3 24. Qxb5 Bxc3 25. Bxc3 Qxc3 26. Qe8+ Kg7 27. Qxe7 Qc5+ 28. Kf1 Rd1+ 29. Rxd1 Qxe7 30. Re1 Qh4 31. h3 h5 32. Re4 Qg3 33. Re2 f5 34. Ra2 Kf6 35. Ra6+ Kg5 36. Ra4 Qd6 37. Ra2 Kf4 0-1

[Event "OLNR 2324 SG Porz II - SV Mülheim-Nord "]
[Site "?"]
[Date "2023.09.24"]
[Round "2.8"]
[White "Wittig, Till"]
[Black "Grodotzki, Kenneth"]
[Result "1-0"]
[WhiteElo "1933"]
[BlackElo "1992"]
[PlyCount "89"]
[EventDate "2023.??.??"]
[SourceVersionDate "2023.09.04"]

1. e4 e6 2. d4 d5 3. exd5 exd5 4. Bd3 Bd6 5. Nf3 Bg4 6. O-O Nc6 7. c3 Qd7 8. Re1+ Nge7 9. Nbd2 O-O-O 10. b4 Rde8 11. b5 Nd8 12. a4 Ng6 13. b6 cxb6 14. Rxe8 Rxe8 15. a5 b5 16. a6 b6 17. Qb3 b4 18. Bb2 Kb8 19. c4 dxc4 20. Bxc4 f6 21. Rc1 Bf4 22. Rf1 Ne6 23. d5 Nc5 24. Qxb4 Rc8 25. Nd4 Qa4 26. Bc3 Qxb4 27. Bxb4 Bxd2 28. Bxd2 Ne4 29. Be3 Rxc4 30. f3 Nc3 31. fxg4 Nxd5 32. Bf2 Nb4 33. Bg3+ Kc8 34. Nb5 Rxg4 35. Nxa7+ Kd7 36. Rd1+ Ke8 37. Ra1 Rg5 38. Nc8 Nxa6 39. Rxa6 b5 40. Rb6 Ne5 41. Nd6+ Ke7 42. Nxb5 Nd3 43. Nd4 h5 44. Rb7+ Ke8 45. Ne6 1-0

[Event "Erkenschwick - Katernberg 2"]
[Site "?"]
[Date "2023.09.24"]
[Round "2.1"]
[White "Bee, Marcus"]
[Black "Nijboer, Friso"]
[Result "1/2-1/2"]
[WhiteElo "2204"]
[BlackElo "2473"]
[PlyCount "41"]
[EventDate "2023.??.??"]
[SourceVersionDate "2023.09.04"]

1. d4 Nf6 2. g3 g6 3. Bg2 Bg7 4. e4 d6 5. Nc3 O-O 6. Nge2 c6 7. a4 e5 8. h3 a5 9. Be3 Na6 10. O-O Nb4 11. Qd2 Be6 12. Rad1 Qc7 13. f4 exf4 14. Nxf4 Rae8 15. Nxe6 fxe6 16. Ne2 e5 17. dxe5 dxe5 18. c3 Na6 19. Qd6 Rf7 20. Nc1 Qc8 21. Nb3 1/2-1/2

[Event "Erkenschwick- Katernberg2"]
[Site "?"]
[Date "2023.09.24"]
[Round "2.2"]
[White "De Winter, Arthur"]
[Black "Meyer, Armin"]
[Result "1-0"]
[WhiteElo "2360"]
[BlackElo "2197"]
[PlyCount "43"]
[EventDate "2023.??.??"]
[SourceVersionDate "2023.09.04"]

1. e4 e6 2. d4 d5 3. Nc3 dxe4 4. Nxe4 Nd7 5. Nf3 Ngf6 6. Nxf6+ Nxf6 7. c3 c5 8. Be3 Qc7 9. Ne5 a6 10. Bd3 b5 11. Qf3 Bb7 12. Qg3 c4 13. Bc2 Nd5 14. Qg4 g6 15. O-O-O Bg7 16. Rhe1 O-O-O 17. Bd2 Kb8 18. h4 h5 19. Qg3 Rhg8 20. Nxf7 Rd7 21. Ng5 Qxg3 22. fxg3 1-0

[Event "Erkenschwick- Katernberg 2"]
[Site "?"]
[Date "2023.09.24"]
[Round "2.3"]
[White "Villwock, Martin"]
[Black "Ris, Robert"]
[Result "0-1"]
[WhiteElo "2086"]
[BlackElo "2445"]
[PlyCount "76"]
[EventDate "2023.??.??"]
[SourceVersionDate "2023.09.04"]

1. e4 c5 2. Nf3 Nc6 3. d4 cxd4 4. Nxd4 Nf6 5. Nc3 e5 6. Ndb5 d6 7. Nd5 Nxd5 8. exd5 Ne7 9. c4 Ng6 10. h4 h5 11. g3 Be7 12. Be2 e4 13. Qc2 O-O 14. Qxe4 Re8 15. Qc2 Bf6 16. Be3 a6 17. Nc3 Ne5 18. Kf1 Ng4 19. Bxg4 Bxg4 20. Kg2 Qc8 21. Ne4 Qf5 22. Nxf6+ Qxf6 23. Rhe1 Qf3+ 24. Kh2 Re4 25. Bg5 Bf5 26. Qd2 Rxc4 27. Re3 Qg4 28. Rc1 Qh3+ 29. Kg1 Be4 30. Rxe4 Rxe4 31. Bf4 Qd7 32. Qa5 Rae8 33. Kg2 Rxf4 34. gxf4 Qg4+ 35. Kf1 Qxh4 36. Kg2 Qxf4 37. Re1 Rxe1 38. Qxe1 Qg5+ 0-1

[Event "Erkenschwick- Katernberg 2"]
[Site "?"]
[Date "2023.09.24"]
[Round "2.4"]
[White "De Vreugt, Dennis"]
[Black "Melde, Benjamin"]
[Result "1/2-1/2"]
[WhiteElo "2406"]
[BlackElo "2068"]
[PlyCount "89"]
[EventDate "2023.??.??"]
[SourceVersionDate "2023.09.04"]

1. e4 c5 2. c3 Nf6 3. e5 Nd5 4. Bc4 Nb6 5. Bb3 d5 6. exd6 Qxd6 7. Nf3 Be6 8. d4 Bxb3 9. axb3 e6 10. Be3 Nd5 11. Nbd2 Nxe3 12. fxe3 Be7 13. Ne5 O-O 14. Qf3 Nd7 15. Qxb7 Nxe5 16. dxe5 Qxe5 17. Nc4 Bh4+ 18. g3 Qd5 19. Qxd5 exd5 20. Na5 Bf6 21. O-O-O Rad8 22. Nb7 Rde8 23. Nxc5 Rxe3 24. Rxd5 Rc8 25. Rhd1 g6 26. Kc2 h5 27. R1d3 Re1 28. Nd7 Bg7 29. b4 Bh6 30. Re5 Rh1 31. Re2 Bg5 32. Rd5 Bh6 33. Rc5 Rd8 34. Rc7 a6 35. Nc5 h4 36. gxh4 Bf4 37. Rd7 Rxd7 38. Nxd7 Bxh2 39. h5 gxh5 40. Rg2+ Kh7 41. Nf6+ Kh6 42. Ng8+ Kh7 43. Nf6+ Kh6 44. Ng8+ Kh7 45. Nf6+ 1/2-1/2

[Event "Erkenschwick- Katernberg 2"]
[Site "?"]
[Date "2023.09.24"]
[Round "2.5"]
[White "Gassmann, Volker"]
[Black "Erwich, Frank"]
[Result "0-1"]
[WhiteElo "2148"]
[BlackElo "2382"]
[PlyCount "58"]
[EventDate "2023.??.??"]
[SourceVersionDate "2023.09.04"]

1. d4 Nf6 2. c4 e6 3. Nf3 b6 4. g3 Be7 5. Bg2 c6 6. O-O O-O 7. Nc3 d5 8. Ne5 Ba6 9. cxd5 cxd5 10. Bf4 Nfd7 11. Nxd5 exd5 12. Bxd5 Nxe5 13. Bxa8 Ng6 14. Be3 f5 15. Qd2 f4 16. Bxf4 Nxf4 17. gxf4 Bd6 18. e3 Bxf1 19. Rxf1 Qh4 20. f3 Nd7 21. Bd5+ Kh8 22. Rc1 g5 23. Be6 Nf6 24. Kh1 gxf4 25. e4 Nh5 26. Qg2 Ng3+ 27. Kg1 Nxe4 28. fxe4 f3 29. Qf2 Qg5+ 0-1

[Event "Erkenschwick- Katernberg 2"]
[Site "?"]
[Date "2023.09.24"]
[Round "2.6"]
[White "Spriestersbach, Kai"]
[Black "Dahm, Bernd"]
[Result "1-0"]
[WhiteElo "2167"]
[BlackElo "2104"]
[PlyCount "77"]
[EventDate "2023.??.??"]
[SourceVersionDate "2023.09.04"]

1. e4 e6 2. d4 d5 3. e5 c5 4. c3 Qb6 5. Nf3 Bd7 6. Be2 cxd4 7. cxd4 Bb5 8. Nc3 Bxe2 9. Nxe2 Ne7 10. O-O Nec6 11. Rb1 Be7 12. Be3 O-O 13. b4 Rc8 14. a3 Nd7 15. Qd3 Qd8 16. Nd2 Bf8 17. f4 g6 18. Nf3 Ne7 19. g4 Bg7 20. Ng3 f5 21. exf6 Nxf6 22. h3 Rc7 23. Rbe1 Nd7 24. f5 exf5 25. Bg5 Nf8 26. gxf5 Qd6 27. Nh4 Bxd4+ 28. Kg2 Be5 29. Rf3 Rac8 30. Rfe3 Bxg3 31. Rxg3 Nc6 32. fxg6 hxg6 33. Nxg6 Nxg6 34. Bf4 Qxf4 35. Qxg6+ Kh8 36. Re8+ Rxe8 37. Qxe8+ Kh7 38. Qg6+ Kh8 39. Qg8# 1-0

[Event "Erkenschwick- Katernberg 2"]
[Site "?"]
[Date "2023.09.24"]
[Round "2.7"]
[White "Dette, Jan"]
[Black "Jonkman, Harmen"]
[Result "0-1"]
[WhiteElo "2070"]
[BlackElo "2323"]
[PlyCount "106"]
[EventDate "2023.??.??"]
[SourceVersionDate "2023.09.04"]

1. e4 e5 2. d4 exd4 3. Nf3 Nc6 4. Bc4 Nf6 5. O-O Nxe4 6. Re1 d5 7. Bxd5 Qxd5 8. Nc3 Qa5 9. Nxe4 Be6 10. Neg5 O-O-O 11. Nxe6 fxe6 12. Rxe6 Qf5 13. Qe2 h6 14. Nh4 d3 15. cxd3 Qxd3 16. Qxd3 Rxd3 17. Be3 Bd6 18. Ng6 Rd8 19. g3 Rd5 20. Rc1 Rb5 21. b3 Ra5 22. a4 Kd7 23. Re4 Re8 24. Rg4 h5 25. Rgc4 Rf5 26. Rd1 a6 27. Bf4 Re2 28. Nh4 Rf8 29. Rd5 Ke6 30. Rxh5 Bxf4 31. gxf4 Rd8 32. Nf3 Kf6 33. b4 Rd3 34. Kg2 Ne7 35. Re5 Rb2 36. Rce4 Rd7 37. Ng5 Nc6 38. Nh7+ Kf7 39. Ng5+ Kg6 40. Rc5 Nd4 41. h4 b6 42. Rc4 Rd2 43. Re5 Rd3 44. f3 Rd1 45. Kf2 Rb1 46. Re4 Rb2+ 47. Kf1 Nf5 48. Re6+ Kh5 49. Rc1 Rh2 50. Kg1 Rdd2 51. Ne4 Rdg2+ 52. Kf1 Ne3+ 53. Ke1 Rh1# 0-1

[Event "Erkenschwick- Katernberg 2"]
[Site "?"]
[Date "2023.09.24"]
[Round "2.8"]
[White "Van Beek, Alexander"]
[Black "Heldt, Maximilian"]
[Result "1-0"]
[WhiteElo "2294"]
[BlackElo "2041"]
[PlyCount "77"]
[EventDate "2023.??.??"]
[SourceVersionDate "2023.09.04"]

1. e4 e6 2. d4 d5 3. e5 c5 4. c3 Qb6 5. Nf3 Nc6 6. Be2 Nh6 7. b3 cxd4 8. cxd4 Bb4+ 9. Kf1 Nf5 10. Bb2 Bd7 11. Nc3 Ncxd4 12. Nxd5 exd5 13. Nxd4 O-O 14. Bd3 Nxd4 15. Bxd4 Bc5 16. Bxc5 Qxc5 17. Qc2 Qd4 18. Bxh7+ Kh8 19. Rd1 Qxe5 20. Bd3 Rac8 21. Qe2 Qg5 22. h4 Qh6 23. Qe7 Bg4 24. f3 f5 25. Qg5 Qb6 26. h5 Rce8 27. Qd2 Re6 28. Qf2 Qb4 29. Kg1 Rh6 30. fxg4 fxg4 31. Qe3 Re6 32. a3 Qxb3 33. Qd2 Qb6+ 34. Kh2 Re5 35. Bg6 g3+ 36. Kxg3 Qd6 37. Kh3 Rc8 38. Rhe1 Rc4 39. g3 1-0

[Event "OLNR 2324 SK Münster - SV Wattenscheid"]
[Site "?"]
[Date "2023.09.24"]
[Round "2.1"]
[White "Schiffer, Kai-Uwe"]
[Black "Holtel, Jasper"]
[Result "0-1"]
[WhiteElo "2282"]
[BlackElo "2339"]
[PlyCount "82"]
[EventDate "2023.??.??"]
[SourceVersionDate "2023.09.04"]

1. d4 Nf6 2. c4 g6 3. f3 d5 4. cxd5 Nxd5 5. e4 Nb6 6. Nc3 Bg7 7. Be3 O-O 8. Qd2 Nc6 9. O-O-O e5 10. d5 Nd4 11. f4 c5 12. fxe5 Bg4 13. Re1 Bxe5 14. h3 Bd7 15. Nf3 Nxf3 16. gxf3 Na4 17. Nxa4 Bxa4 18. f4 Bg7 19. h4 Bd7 20. Kb1 Rc8 21. h5 Re8 22. Bg2 a5 23. hxg6 hxg6 24. f5 a4 25. fxg6 fxg6 26. a3 b5 27. Rc1 b4 28. axb4 a3 29. Rxc5 Rxc5 30. Bxc5 Qf6 31. Rf1 Qa6 32. Bd4 Bb5 33. Rd1 Be2 34. Bxg7 Bxd1 35. Bc3 axb2 36. Bxb2 Be2 37. Kc2 Rc8+ 38. Bc3 Qa2+ 39. Kc1 Qa1+ 40. Kc2 Qa2+ 41. Kc1 Qb3 0-1

[Event "OLNR 2324 SK Münster - SV Wattenscheid"]
[Site "?"]
[Date "2023.09.24"]
[Round "2.2"]
[White "Schmitzer, Klaus"]
[Black "Wengenroth, Walter"]
[Result "1-0"]
[WhiteElo "2212"]
[BlackElo "2282"]
[PlyCount "39"]
[EventDate "2023.??.??"]
[SourceVersionDate "2023.09.04"]

1. e4 c5 2. Nf3 d6 3. d4 cxd4 4. Nxd4 Nf6 5. Nc3 Nc6 6. Bg5 e6 7. Qd2 a6 8. f3 Bd7 9. g4 h5 10. gxh5 Rxh5 11. h4 b5 12. a3 Qc7 13. Be2 Rh8 14. Rg1 Nxd4 15. Qxd4 d5 16. Bxf6 Bc5 17. Nxd5 exd5 18. Qxd5 Rc8 19. Rxg7 Be6 20. Qxe6+ 1-0

[Event "OLNR 2324 SK Münster - SV Wattenscheid"]
[Site "?"]
[Date "2023.09.24"]
[Round "2.3"]
[White "(), Ralph"]
[Black "Chilla, Jan Eric"]
[Result "1/2-1/2"]
[WhiteElo "2232"]
[BlackElo "2242"]
[PlyCount "39"]
[EventDate "2023.??.??"]
[SourceVersionDate "2023.09.04"]

1. Nf3 Nf6 2. g3 d5 3. Bg2 e6 4. O-O c5 5. d3 Nc6 6. Nbd2 Be7 7. e4 b6 8. Re1 Bb7 9. exd5 Nxd5 10. Nc4 O-O 11. c3 Re8 12. a4 Qc7 13. Qb3 Rab8 14. a5 Ba8 15. axb6 axb6 16. Nfe5 Nxe5 17. Nxe5 b5 18. Qd1 Bd6 19. f4 Nf6 20. Ng4 1/2-1/2

[Event "OLNR 2324 SK Münster - SV Wattenscheid"]
[Site "?"]
[Date "2023.09.24"]
[Round "2.4"]
[White "Wichtrup, Jan-Louis"]
[Black "Thiel, Thomas"]
[Result "1-0"]
[WhiteElo "2107"]
[BlackElo "2148"]
[PlyCount "51"]
[EventDate "2023.??.??"]
[SourceVersionDate "2023.09.04"]

1. d4 Nf6 2. c4 g6 3. Nc3 d5 4. Bf4 Bg7 5. e3 c5 6. dxc5 Qa5 7. Rc1 Nbd7 8. cxd5 Ne4 9. Bc4 Nxc3 10. bxc3 Nxc5 11. Ne2 b5 12. Bb3 Bf5 13. O-O Nd3 14. Nd4 Bxd4 15. cxd4 Nxc1 16. Qxc1 Rc8 17. Qb2 Bd3 18. Rd1 Qc3 19. Qa3 Bc2 20. Rc1 O-O 21. h4 a5 22. Qxe7 Qd3 23. Ra1 Qf5 24. d6 a4 25. d7 Ra8 26. Bd5 1-0

[Event "OLNR 2324 SK Münster - SV Wattenscheid"]
[Site "?"]
[Date "2023.09.24"]
[Round "2.6"]
[White "Wolter, Kai"]
[Black "Kaehmann, Joerg"]
[Result "1-0"]
[WhiteElo "2197"]
[BlackElo "2154"]
[PlyCount "81"]
[EventDate "2023.??.??"]
[SourceVersionDate "2023.09.04"]

1. e4 c5 2. Nf3 a6 3. c3 g6 4. d4 cxd4 5. cxd4 d5 6. e5 Bg4 7. Nc3 Bxf3 8. Qxf3 e6 9. Be3 Nc6 10. Bd3 Qh4 11. Qg3 Qxg3 12. hxg3 Bg7 13. g4 Rc8 14. O-O-O Nge7 15. Kb1 b5 16. a4 bxa4 17. Nxa4 Nb4 18. Nc5 Rc6 19. Be2 Rb6 20. Rc1 a5 21. Na4 Rb7 22. Rc5 O-O 23. Rhc1 Rfb8 24. Rc7 Bf8 25. Rxb7 Rxb7 26. Nc5 Rc7 27. Bb5 Nec6 28. Nb3 Rb7 29. Bxc6 Nxc6 30. Rxc6 Rxb3 31. Rc8 Kg7 32. Bg5 Ba3 33. Ka2 Rxb2+ 34. Kxa3 Rxf2 35. Be7 Kh6 36. g5+ Kh5 37. Rh8 Rxg2 38. Rxh7+ Kg4 39. Rxf7 Rd2 40. Bc5 Kxg5 41. Rf6 1-0

[Event "OLNR 2324 SK Münster - SV Wattenscheid"]
[Site "?"]
[Date "2023.09.24"]
[Round "2.7"]
[White "Schroeder, Wilfried"]
[Black "Rott, Georg"]
[Result "1/2-1/2"]
[WhiteElo "2162"]
[BlackElo "2158"]
[PlyCount "120"]
[EventDate "2023.??.??"]
[SourceVersionDate "2023.09.04"]

1. d4 d5 2. Nf3 e6 3. c4 c5 4. cxd5 exd5 5. g3 Nf6 6. Bg2 Nc6 7. O-O Be7 8. Nc3 O-O 9. Bf4 c4 10. Ne5 Be6 11. Nxc6 bxc6 12. e4 dxe4 13. Nxe4 Bd5 14. Re1 Re8 15. Qd2 a5 16. Nxf6+ Bxf6 17. Rxe8+ Qxe8 18. Re1 Qd7 19. Bg5 Bxg5 20. Qxg5 Bxg2 21. Kxg2 Qxd4 22. Qxa5 Qd5+ 23. Qxd5 cxd5 24. Rd1 Ra5 25. b4 cxb3 26. axb3 Kf8 27. b4 Rb5 28. Rd4 Ke7 29. Kf3 Ke6 30. Ke3 h5 31. f4 Rb7 32. h3 f6 33. g4 hxg4 34. hxg4 g5 35. Kd3 Rb6 36. Kc3 gxf4 37. Rxf4 Ke5 38. Rf2 Rc6+ 39. Kb3 Rc4 40. Rg2 Rf4 41. g5 Rf3+ 42. Kc2 fxg5 43. Rxg5+ Ke4 44. Rg8 Rf2+ 45. Kc3 d4+ 46. Kc4 Rc2+ 47. Kb3 Rc3+ 48. Kb2 Rc7 49. Kb3 d3 50. Re8+ Kd4 51. Rd8+ Ke3 52. Re8+ Kf3 53. Rd8 Ke2 54. b5 d2 55. Kb4 d1=Q 56. Rxd1 Kxd1 57. b6 Rc1 58. Kb5 Kd2 59. b7 Kd3 60. Kb6 Rb1+ 1/2-1/2

[Event "OLNR 2324 SK Münster - SV Wattenscheid"]
[Site "?"]
[Date "2023.09.24"]
[Round "2.8"]
[White "Wilde, Pierre"]
[Black "Peter, Thomas"]
[Result "1/2-1/2"]
[WhiteElo "2199"]
[BlackElo "2192"]
[PlyCount "73"]
[EventDate "2023.??.??"]
[SourceVersionDate "2023.09.04"]

1. d4 e6 2. c4 Bb4+ 3. Bd2 Bxd2+ 4. Qxd2 Nf6 5. Nc3 O-O 6. e3 d5 7. Nf3 b6 8. cxd5 exd5 9. Be2 Bb7 10. O-O Nbd7 11. b4 Ne4 12. Qb2 Qe7 13. b5 Rfc8 14. Rfc1 c5 15. bxc6 Rxc6 16. Nxe4 dxe4 17. Rxc6 Bxc6 18. Nd2 Bb7 19. Rc1 Nf8 20. Rc3 Rc8 21. Qc2 Rxc3 22. Qxc3 Ne6 23. a3 g6 24. Bd1 Qc7 25. Nb1 Bd5 26. Qxc7 Nxc7 27. Nc3 Kf8 28. f3 exf3 29. gxf3 Bc4 30. Kf2 Ke7 31. e4 Nb5 32. Nxb5 Bxb5 33. Bb3 g5 34. Ke3 Bd7 35. f4 gxf4+ 36. Kxf4 f6 37. e5 1/2-1/2

[Event "Mülheim Nord 2- Porz 2"]
[Site "?"]
[Date "2023.10.29"]
[Round "3.1"]
[White "Pauly, Carlo"]
[Black "Buckels, Valentin"]
[Result "0-1"]
[WhiteElo "2320"]
[BlackElo "2432"]
[PlyCount "60"]
[EventDate "2023.??.??"]
[SourceVersionDate "2023.09.04"]

1. d4 Nf6 2. c4 e6 3. Nc3 Bb4 4. Qc2 b6 5. Bg5 h6 6. Bh4 Bb7 7. a3 Bxc3+ 8. Qxc3 g5 9. Bg3 Ne4 10. Qc2 d6 11. f3 Nxg3 12. hxg3 Nd7 13. e3 h5 14. Bd3 Qf6 15. Be4 c6 16. Ne2 O-O-O 17. Qa4 Kc7 18. Bxc6 Bxc6 19. Qxa7+ Kc8 20. Nc3 Qf5 21. Nb5 Bxb5 22. cxb5 Qd3 23. Kf2 Qd2+ 24. Kg1 h4 25. Qa8+ Nb8 26. Qe4 hxg3 27. Rf1 d5 28. Qe5 Qf2+ 29. Rxf2 Rxh1+ 30. Kxh1 gxf2 0-1